Kabinett Hitler - Statistiken

Allgemein
  • Dieses Quiz wurde 222 mal gespielt
  • Das Durchschnittsergebnis liegt bei 5 aus 11
Antwortstatistiken
Bildquiz Hint Antwort % Korrekt
Volksaufklärung und Propaganda Joseph Goebbels
92%
Inneres (ab 43) Heinrich Himmler
89%
Luftfahrt Hermann Göring
81%
Bewaffnung und Munition (ab 42) Albert Speer
53%
Stellvertreter des Reichskanzlers (bis 34) Franz von Papen
46%
Auswärtiges Amt (ab 38) Joachim von Ribbentrop
40%
Oberkommando der Wehrmacht Wilhelm Keitel
36%
Inneres (bis 43) Wilhelm Frick
17%
Besetzte Ostgebiete Alfred Rosenberg
16%
Finanzen Johann Ludwig Graf Schwerin von Krosigk
13%
Arbeit Franz Seldte
7%
Keine übereinstimmenden Quizze gefunden
Verteilung der Resultate
Anzahl Personen mit jedem Resultat
Perzentil nach korrekt beantworteten Fragen
Ihre Resultats-Entwicklung
Sie haben dieses Quiz noch nicht gespielt